000 00678nam a22002057a 4500
999 _c15564
_d15564
003 AR-CdUCM
008 190429b ||||| |||| 00| 0 spa d
040 _aMUNICIPALIDAD PROVINCIAL DEL CUSCO
_cBIBLIOTECA MUNICIPAL DEL CUSCO
082 _a348.41 /
_bP45 / 1969
110 _aPerú
_93560
245 _aReglamento de tierras para la nueva ley de reforma agraria /
260 _aLima :
_bEl peruano,
_c1969.
300 _a30 páginas ;
_c17 cm.
505 _aContenido: Reglamento de tierras para la reforma agraria.
650 _aReforma agraria
_91861
650 _aReglamento de tierras
_934672
650 _aPerú
_935
942 _2ddc
_cLIBROS
945 _aacv
_d2019-04-29